LEADER 00953nam0-22002891i-450- 001 990005869620403321 005 20080321125748.0 035 $a000586962 035 $aFED01000586962 035 $a(Aleph)000586962FED01 035 $a000586962 100 $a20000421d1972----km-y0itay50------ba 101 0 $aita 105 $ay-------001yy 200 1 $aThesauroi$eRicerche di topografia e di storia della pubblica amministrazione nell'Egitto greco-romano$fAristide Calderini 205 $aRist. anast. dell'ed. 1924 210 $aMIlano$cCisalpino-Goliardica$d1972 215 $a130 p.$d24 cm 300 $aIn testa al front. orig.: Studi della Scuola Papirologica- vol. IV, pt. III 700 1$aCalderini,$bAristide$f<1883-1968>$0162594 801 0$aIT$bUNINA$gRICA$2UNIMARC 901 $aBK 912 $a990005869620403321 952 $aP2B-100-CALDERINI-1924$bBibl.28254$fFLFBC 959 $aFLFBC 996 $aThesauroi$9564783 997 $aUNINA LEADER 01251nam 2200373Ia 450 001 996396251703316 005 20221108031155.0 035 $a(CKB)4330000000359575 035 $a(EEBO)2248516559 035 $a(OCoLC)13100502 035 $a(EXLCZ)994330000000359575 100 $a19860203d1662 uy | 101 0 $aeng 135 $aurbn||||a|bb| 200 14$aThe white robe, or, The undefiled Christian clothed in a vvhite garment$b[electronic resource] $eheld forth in a farewel sermon /$fpreached by Mr. Joseph Caryl at Magnus, August the 17, 1662 210 $a[London $cs.n.]$d1662 215 $a[4], 18 p 300 $aPlace of publication from Wing. 300 $aReproduction of original in Bodleian Library. 300 $aImperfect: p. 18 dark and difficult to read. 330 $aeebo-0014 606 $aFarewell sermons 606 $aSermons, English$y17th century 615 0$aFarewell sermons. 615 0$aSermons, English 700 $aCaryl$b Joseph$f1602-1673.$01003625 801 0$bEAA 801 1$bEAA 801 2$bm/c 801 2$bWaOLN 906 $aBOOK 912 $a996396251703316 996 $aThe white robe, or, The undefiled Christian clothed in a vvhite garment$92356820 997 $aUNISA LEADER 01307nam a2200277Mi 4500 001 991001537689707536 008 051107s2005 it aa 101 0 ita d 020 $a8851002665 035 $ab13387868-39ule_inst 040 $aDip.to Beni Culturali$bita 245 00$aNuove ricerche archeologiche a Pompei ed Ercolano :$batti del convegno internazionale, Roma, 28-30 novembre 2002 /$ca cura di Pietro Giovanni Guzzo, Maria Paola Guidobaldi 260 $aNapoli :$bElecta Napoli,$c2005 300 $a395 p. :$bill. ;$c28 cm 440 0$aStudi della Soprintendenza Archeologica di Pompei ;$v10 500 $aIn testa al front.: MiBAC, Ministero per i Beni e le Attivitą Culturali. Soprintendenza Archeologica di Pompei 546 $aTesto in inglese, francese e italiano 651 4$aPompei (Cittą estinta)$xScavi archeologici 651 4$aErcolano (Cittą estinta)$xScavi archeologici 700 1 $aGuzzo, Pier Giovanni 700 1 $aGuidobaldi, Maria Paola 907 $a.b13387868$b02-04-14$c20-03-06 912 $a991001537689707536 945 $aLE001 AR IX 100/10$g1$i2001000155095$lle001$op$pE150.00$q-$rl$s- $t0$u2$v0$w2$x0$y.i14208192$z20-03-06 996 $aNuove ricerche archeologiche a Pompei ed Ercolano$9746062 997 $aUNISALENTO 998 $ale001$b20-03-06$cm$da $e-$fita$git $h0$i0